[Event "NOR-ch Clubs 2017"]
[Site "Kristiansund"]
[Date "2017.10.20"]
[Round "1"]
[White "Hoem, Sverre"]
[Black "Kvisvik, Brede"]
[Result "0-1"]
[WhiteElo "1303"]
[BlackElo "2296"]
[Annotator "TA"]
[PlyCount "60"]
[EventDate "2017.??.??"]
[EventType "team-tourn"]
[EventCountry "NOR"]
[SourceTitle "playchess.com"]
[Source "ChessBase"]
[SourceQuality "1"]

{[%evp 11,60,47,45,15,29,12,30,6,18,-73,-57,-64,-65,-50,-42,-42,-26,-22,-28,-61,-31,-93,-93,-97,-58,-110,-106,-102,-107,-140,-137,-134,-139,-160,-137,-154,-116,-181,-166,-315,-296,-814,-806,-1152,-1123,-1251,-1240,-1230,-1222,-1214,-1218]} 1. e4 c5 2. d4 cxd4 3. c3 d3 4. Bxd3 Nc6 5. Nf3 g6 6. O-O Bg7 {LiveBook: 19 Games} 7. Nbd2 {B21: Sicilian: 2 f4 and Morra Gambit} (7. c4 d6 8. h3 Nf6 9. Nc3 Nd7 10. Be3 Bxc3 11. bxc3 Qa5 12. Qd2 Nc5 13. Bc2 Be6 14. Nd4 Ne5 15. Nxe6 Nxe6 {1-0 (51) Mons,L (2339)-Naiditsch,A (2704) Germany 2013}) 7... Nf6 8. Nb3 O-O 9. Bf4 $146 {White has an edge.} ({Predecessor:} 9. Bg5 d6 10. Qd2 Bg4 11. Nfd4 Ne5 12. Be2 Nxe4 13. Qe3 Bxe2 14. Nxe2 Nxg5 15. Qxg5 {0-1 (60) Araujo,B-Echeveste,N Matinhos 1999}) 9... d5 10. Re1 (10. exd5 $11 {remains equal.} Qxd5 11. Qe2) 10... dxe4 11. Bxe4 Nxe4 12. Rxe4 Bf5 13. Re1 Bg4 14. Qxd8 Rfxd8 15. Nfd2 e5 16. h3 {[#]} (16. Bg3 $15) 16... Be6 $1 $17 17. Be3 b6 18. Rac1 (18. f4 $15) 18... f5 19. f4 e4 20. Rc2 Rac8 $36 {[%mdl 2048] White must now prevent ...Nb4! Black is on the roll.} 21. Rec1 Rd3 22. Kf2 Bf6 23. g3 h6 24. a3 (24. Nf1 $17) 24... Kf7 {[#]} 25. c4 (25. Nd4 $1 {[%mdl 512] was worth a try.}) 25... Rcd8 $19 26. Rd1 $2 {[#]} (26. Rh1) 26... Rxb3 $1 {[%mdl 512] Black is clearly winning.} 27. Ke2 (27. Nxb3 Rxd1) 27... Rbd3 28. Rdc1 Bd4 29. Nf1 Bxe3 30. Nxe3 Nd4+ {Precision: White = 17%, Black = 55%.} 0-1

[Event "NOR-ch Clubs 2017"]
[Site "Kristiansund"]
[Date "2017.10.21"]
[Round "2"]
[White "Urkedal, Frode"]
[Black "Mihajlov, Sebastian"]
[Result "0-1"]
[WhiteElo "2570"]
[BlackElo "2393"]
[Annotator "TA"]
[PlyCount "118"]
[EventDate "2017.??.??"]
[EventType "team-tourn"]
[EventCountry "NOR"]
[SourceTitle "playchess.com"]
[Source "ChessBase"]
[SourceQuality "1"]

{[%evp 23,118,29,36,35,39,29,63,31,77,77,77,0,0,0,0,0,24,0,9,10,11,10,9,18,15,0,0,0,9,8,9,7,8,23,14,18,10,16,26,-46,-55,-55,-55,-55,-55,-40,-40,-40,-53,-52,-52,-40,-40,-61,-40,-43,-50,-53,-58,-54,-42,-93,-93,-93,-93,-183,-183,-175,-172,-151,-150,-544,-537,-1379,-1000,-1161,-904,-5569,-5489,-5093,-5181,-2304,-1855,-29973,-29974,-29972,-29975,-29974,-29970,-29981,-29982,-29982,-29977,-29977,-29976,-29967,-29970]} 1. d4 Nf6 2. c4 c6 3. Nf3 d5 4. e3 Bg4 5. Nc3 e6 6. h3 Bh5 7. g4 Bg6 8. Ne5 {D11: Slav Defence: 3 Nf3 sidelines and 3...Nf6 4 e3 Bg4} Nbd7 9. Nxg6 hxg6 10. g5 (10. a3 g5 11. Bd2 g6 12. Qf3 a6 13. Bd3 dxc4 14. Bxc4 b5 15. Bf1 c5 {1-0 (50) Andreikin,D (2736)-Aronian,L (2780) Wijk aan Zee 2017}) 10... Ng8 {[%cal Bf6g8,Bg8e7,Be7f5][%mdl 32]} 11. h4 Ne7 12. Bd2 Nf5 {LiveBook: 5 Games} 13. Qg4 Bb4 14. O-O-O Qb6 15. Kb1 O-O-O 16. c5 $146 Qa5 17. h5 (17. Bd3 $16) 17... gxh5 $11 18. Rxh5 g6 19. Rh3 Rde8 20. Bd3 Bxc3 21. Bxc3 Qd8 22. Rdh1 Rxh3 23. Rxh3 Rh8 24. Ba5 b6 25. Ba6+ Kc7 {[#] Strongly threatening ...Rxh3.} 26. Qf4+ $1 e5 $1 $132 {[%cal Re5f4][%mdl 2048] Black is not keeping still} 27. dxe5 {Threatening mate with e6+.} Nxc5 28. e6+ Nd6 29. Rxh8 ({Of course not} 29. exf7 Rf8 $17) 29... Qxh8 30. exf7 Ne6 31. Qg4 (31. Bc3 $11 Nxf4 32. Bxh8 Nxf7 33. exf4 Nxh8 34. Bd3) 31... Qh1+ $15 32. Kc2 Qe4+ 33. Qxe4 dxe4 {[%mdl 4096] Endgame KBB-KNN} 34. f8=Q Nxf8 35. Bc3 Nh7 36. Be5 Nxg5 37. Bf1 Nf3 38. Bg3 Kd7 39. Kc3 c5 40. a4 Kc6 41. Ba6 Ng5 42. Bxd6 (42. Be2 $15) 42... Kxd6 {KB-KN} 43. Bb7 Ke5 44. Kc4 (44. Bc8 $17) 44... Nh3 $19 45. f3 exf3 46. Bxf3 Nf2 47. b3 $2 {[#]} (47. Kb5 $17 {is a better chance.}) 47... g5 $1 {[%cal Bg6g5,Bg5g4][%mdl 32]} 48. Kb5 {If only White now had time for Ka6....} g4 49. Bg2 Nd1 50. Ka6 Nxe3 51. Bh1 c4 52. bxc4 Kd4 53. Kxa7 Kc5 {Black mates.} 54. Ka6 Nxc4 55. Bg2 Kb4 56. Bc6 g3 57. Ka7 Ka5 58. Kb7 Nb2 59. Kc7 Nxa4 {Precision: White = 39%, Black = 77%.} 0-1

[Event "NOR-ch Clubs 2017"]
[Site "Kristiansund"]
[Date "2017.10.21"]
[Round "2"]
[White "Christiansen, Johan-Sebastian"]
[Black "Kallset, Tore"]
[Result "1-0"]
[WhiteElo "2462"]
[BlackElo "1752"]
[Annotator "TA"]
[PlyCount "51"]
[EventDate "2017.??.??"]
[EventType "team-tourn"]
[EventCountry "NOR"]
[SourceTitle "playchess.com"]
[Source "ChessBase"]
[SourceQuality "1"]

{[%evp 15,51,16,28,8,13,21,54,41,40,36,39,30,44,38,64,58,43,50,58,57,117,113,114,93,106,92,104,100,101,106,144,139,149,116,248,254,251,247]} 1. e4 e5 2. Nf3 Nf6 3. Nc3 Bb4 4. Nxe5 O-O 5. Be2 Re8 6. Nd3 Bxc3 7. dxc3 Nxe4 8. Nf4 c6 9. c4 {C42: Petroff Defence: 3 Nxe5 and unusual White 3rd moves} d6 (9... Nf6 10. Be3 d5 11. cxd5 cxd5 12. O-O Nc6 13. c3 Be6 14. Re1 Qc7 15. Bd3 Rad8 16. Nh5 Qe5 17. Nxf6+ Qxf6 {1-0 (35) Iuldachev,S (2496)-Carlos,L (2325) Kuala Lumpur 2010}) 10. O-O Be6 11. Nxe6 $146 {White is slightly better.} (11. Be3 {is interesting.} Nd7 12. Re1 Ne5 13. f3 Nf6 14. b3) ({Predecessor:} 11. Qd4 Nf6 12. Rd1 Re7 13. Qxd6 Qxd6 14. Rxd6 Bf5 15. Rd8+ Re8 16. Rxe8+ Nxe8 {1-0 (41) Reshef,O (2228)-Verhasselt,K (1837) Maribor 2012}) 11... Rxe6 12. Bg4 Re8 13. Bf3 Na6 14. Be3 Nc7 15. Qd3 d5 16. Rad1 Qe7 17. Rfe1 {[%cal Rc4d5]} Qb4 ({Better is} 17... Ng5 $14) 18. cxd5 $16 cxd5 19. b3 {[%cal Bb2b3,Bb3c4][%mdl 32]} a6 20. c4 dxc4 21. bxc4 Nc5 22. Qf5 N7e6 23. Bd5 {[#] aiming for Bxc5.} Rac8 24. h4 g6 (24... Qa4 $16) 25. Qf6 $18 {Strongly threatening Bd4.} Nd7 26. Qa1 {Precision: White = 62%, Black = 40%.} 1-0

[Event "NOR-ch Clubs 2017"]
[Site "Kristiansund"]
[Date "2017.10.21"]
[Round "2"]
[White "Hansen, Torbjorn Ringdal"]
[Black "Elseth, Roar"]
[Result "1/2-1/2"]
[WhiteElo "2397"]
[BlackElo "2322"]
[Annotator "TA"]
[PlyCount "87"]
[EventDate "2017.??.??"]
[EventType "team-tourn"]
[EventCountry "NOR"]
[SourceTitle "playchess.com"]
[Source "ChessBase"]
[SourceQuality "1"]

{[%evp 24,87,13,-34,31,32,29,22,17,22,52,40,33,34,27,28,35,32,33,27,30,34,36,33,32,40,51,30,31,22,39,35,17,8,3,7,11,-4,0,0,0,0,0,0,0,0,0,0,0,0,0,0,0,0,7,0,33,0,0,0,27,0,0,0,32,0]} 1. e4 e5 2. Nf3 Nc6 3. Bb5 a6 4. Ba4 Nf6 5. O-O Be7 6. Re1 b5 7. Bb3 d6 8. c3 {[%cal Bc2c3,Bc3c4][%mdl 32]} O-O 9. h3 Nb8 10. d4 Nbd7 11. c4 c6 12. Nc3 {[%cal Bb1c3,Bc3e2,Be2g3,Bg3f5,Bf5e3,Be3d5][%mdl 32]} b4 {C95: Closed Ruy Lopez: Breyer Variation with 10 d4} 13. Ne2 {LiveBook: 6 Games} c5 ({Black should try} 13... Nxe4 $15 14. Nf4 Nxf2 15. Kxf2 exf4) 14. dxe5 $14 {[#]} dxe5 $146 ({Predecessor:} 14... Nxe5 15. Nf4 Nfd7 16. Nd5 Bb7 17. Nxe5 Nxe5 18. f4 Nc6 19. Ba4 Bh4 20. Rf1 {½-½ (43) Boruchovsky,A (2536)-Adams,M (2742) Douglas 2015}) 15. Ng3 Bb7 16. Bc2 Re8 17. Nf5 Qc7 18. Nd2 Nf8 19. Ne3 Ne6 20. Nd5 Qd6 21. Ba4 Red8 22. Nf3 Nd7 23. a3 a5 24. Be3 Kf8 25. Bxd7 Rxd7 26. axb4 axb4 27. Rxa8+ Bxa8 28. Qa4 Bc6 29. Qa6 {Nxe5! is the strong threat.} f6 30. Ra1 Kf7 31. Qa2 Rd8 32. Qb1 Ra8 33. Rxa8 Bxa8 34. Qa2 Bc6 35. Ne1 Bf8 36. Nd3 Kg8 37. Qa6 Bd7 38. Qa5 Bc6 39. h4 h5 40. Qa7 Qd7 41. Qb6 {[%cal Re3c5]} Qd6 42. Qa7 Qd7 43. Qb6 {[%cal Re3c5]} Qd6 44. Qa7 {Precision: White = 59%, Black = 62%.} 1/2-1/2

[Event "NOR-ch Clubs 2017"]
[Site "Kristiansund"]
[Date "2017.10.21"]
[Round "2"]
[White "Haug, Johannes"]
[Black "Vucenovic, Lazar"]
[Result "0-1"]
[WhiteElo "2379"]
[BlackElo "2128"]
[Annotator "TA"]
[PlyCount "137"]
[EventDate "2017.??.??"]
[EventType "team-tourn"]
[EventCountry "NOR"]
[SourceTitle "playchess.com"]
[Source "ChessBase"]
[SourceQuality "1"]

{[%evp 18,137,25,10,34,45,61,40,71,42,114,71,42,45,84,90,93,75,88,81,84,73,144,136,139,129,136,130,131,139,147,127,122,129,133,64,60,64,59,35,189,169,170,69,156,104,101,95,122,94,118,106,115,100,100,83,95,96,96,92,90,87,110,96,106,77,84,77,91,0,-4,-2,0,-33,0,0,0,-6,0,-70,-56,-59,-64,-56,-16,-12,0,-14,0,-393,-209,-253,-236,-1253,-1211,-29969,-29971,-29968,-2042,-29970,-29972,-29978,-29976,-29976,-29977,-29977,-29978,-29978,-29977,-29981,-29982,-29983,-29983,-29986,-29987,-29987,-29987,-29987,-29988,-29988,-29989,-29989]} 1. d4 Nf6 2. c4 g6 3. Nf3 Bg7 4. g3 d6 5. Bg2 c6 6. O-O O-O 7. Nc3 Nbd7 8. e4 e5 9. b3 Re8 10. Bb2 h6 {E68: King's Indian: Fianchetto: 6...Nbd7 7 0-0 e5 8 e4} (10... exd4 11. Nxd4 Nc5 12. Qc2 Qb6 13. Rfd1 a5 14. Rab1 Ng4 15. h3 Ne5 16. Bc1 a4 17. Be3 axb3 18. axb3 Qb4 19. f4 Ned7 20. Bf2 Ra3 21. Na2 Qa5 22. b4 Qa6 23. Nc1 Na4 24. Ncb3 Nab6 25. b5 Qa4 26. bxc6 bxc6 {0-1 (49) Khismatullin,D (2658)-Tkachiev,V (2649) Khanty-Mansiysk 2013}) 11. Qd2 Qa5 $146 ({Predecessor:} 11... exd4 12. Nxd4 Nc5 13. Rfe1 a5 14. Rad1 Qb6 15. h3 a4 16. Qc2 axb3 17. axb3 Nfd7 {½-½ (38) Schoebel,W (2302)-Heinsohn,G Germany 2000}) 12. Rfe1 Nf8 {White is slightly better.} 13. h3 g5 (13... Ne6 $14) 14. Qc2 g4 15. hxg4 Bxg4 16. d5 Rac8 17. Nh4 b5 18. cxb5 cxb5 {Hoping for ...b4.} 19. Qd3 b4 (19... Bd7 $142) 20. Nd1 {[%cal Bc3d1,Bd1e3,Be3c4][%mdl 32]} Ng6 21. Nxg6 fxg6 22. Ne3 Bd7 23. Nc4 Qc7 24. Qd2 Qb8 25. a3 Bb5 26. axb4 (26. Bh3 $16) 26... Bxc4 $14 27. bxc4 Rxc4 28. b5 Nd7 $2 (28... Qxb5 $14 29. Rxa7 Qb6) 29. Bf1 $18 Rc7 30. Qb4 (30. Ra6 $18) 30... Bf8 ({Black should play} 30... Nc5 $14) 31. Bc1 (31. Ra6 $142 $1) 31... Nc5 $16 32. Be3 Rb7 33. Reb1 Rb6 34. Qc4 Rc8 35. Qa2 Rb7 36. f3 Kh7 37. Rc1 {[%cal Bb1c1,Bc1c3,Bc3a3][%mdl 32]} h5 38. Rc3 Bh6 {[#] White must now prevent ...Nxe4!} 39. Bf2 $1 Rf8 40. Ra3 Rff7 41. Qc4 Rbc7 42. Qe2 Bg5 43. Be3 (43. Kg2 $16) 43... Bxe3+ $11 44. Qxe3 Qd8 45. R1a2 Qf8 46. Rf2 Qh6 47. f4 Qg7 48. Qf3 (48. Bh3 $11) 48... exf4 $15 49. gxf4 Qd4 50. Re3 Rg7 51. Bg2 Kg8 52. Kh2 Rcf7 53. Qg3 $2 {[%mdl 8192] [#]} (53. e5 $11 {and White stays safe.}) 53... h4 $1 {[%mdl 512]} 54. Qf3 $19 (54. Qxh4 Rh7) 54... g5 55. Bh3 $2 (55. Qe2) 55... Rxf4 56. Qe2 Rxf2+ 57. Qxf2 g4 {( -> ...g3+)} 58. Bxg4 Rxg4 {Black mates.} 59. Kh3 Qxe3+ 60. Qxe3 Rg3+ 61. Qxg3+ hxg3 62. Kxg3 Nxe4+ {[%mdl 4096] Endgame KN-KPP} 63. Kf4 Nc3 64. Kf5 Nxb5 65. Ke6 a5 {[%cal Ba7a5,Ba5a4][%mdl 32]} 66. Kd7 a4 67. Kc6 Nc3 68. Kxd6 Nxd5 69. Kxd5 {Precision: White = 40%, Black = 50%.} 0-1

[Event "NOR-ch Clubs 2017"]
[Site "Kristiansund"]
[Date "2017.10.21"]
[Round "2"]
[White "Moen, Andreas"]
[Black "Elsness, Frode"]
[Result "0-1"]
[WhiteElo "2331"]
[BlackElo "2464"]
[Annotator "TA"]
[PlyCount "82"]
[EventDate "2017.??.??"]
[EventType "team-tourn"]
[EventCountry "NOR"]
[SourceTitle "playchess.com"]
[Source "ChessBase"]
[SourceQuality "1"]

{[%evp 15,82,21,32,19,24,2,21,15,30,24,18,1,0,0,31,24,41,20,43,3,30,0,8,10,12,0,0,2,21,0,0,0,0,0,0,0,19,0,0,0,0,0,0,0,0,0,0,0,0,0,0,0,0,0,0,-19,-16,-66,-64,-930,-894,-5381,-929,-890,-884,-872,-865,-980,-980]} 1. e4 c6 2. d4 d5 3. Nd2 dxe4 4. Nxe4 Nd7 5. c3 Ngf6 6. Nxf6+ {B17: Caro-Kann: Modern Line (4...Nd7)} Nxf6 7. Bd3 (7. Bc4 Qc7 8. Qf3 e6 9. Bf4 Bd6 10. Ne2 O-O 11. Bxd6 Qxd6 12. Qf4 Qe7 13. O-O-O b5 14. Bd3 Bb7 15. Qh4 Rae8 16. Ng3 {1-0 (46) Guseinov,G (2647)-Fedoseev,V (2733) Antalya 2017}) 7... Bg4 8. Ne2 e6 {LiveBook: 3 Games} 9. Qb3 Qd7 10. h3 Bh5 11. Nf4 $146 ({Predecessor:} 11. Bg5 Nd5 12. g4 {0-1 (44) Tierling,D (2036)-Keim,F (2214) Griesheim 2011}) 11... Bd6 12. O-O Bg6 13. Nxg6 hxg6 14. Rd1 O-O 15. Bf1 b5 16. Qc2 Nd5 17. b3 Qc7 18. c4 bxc4 19. bxc4 Ne7 20. Rb1 Rab8 21. Rb3 Nf5 22. c5 Bh2+ 23. Kh1 Bf4 {[%cal Bh2f4,Bf4g5,Bg5f6][%mdl 32]} 24. Bb2 Bg5 25. Bc3 Bf6 26. g3 (26. Ra3 {is more complex.} Rfe8 27. Ra6 Ne7 28. Kg1 Nd5 29. Ba5) 26... Rfd8 27. Rxb8 Rxb8 {[%cal Bd8b8,Bb8b2,Bb2e2][%mdl 32]} 28. Qa4 Qd7 29. Bg2 Ne7 30. h4 Nd5 31. Bd2 Rb2 32. Kg1 Qb7 33. Bxd5 exd5 34. Be3 Qd7 35. Qa3 Re2 {Threatening ...Bxh4!} 36. Ra1 Qg4 {Strongly threatening ...Rxe3!} 37. Kf1 $2 {[%mdl 8192] [#]} (37. Qxa7 $15 Kh7 38. Qc7) 37... Qf3 $1 $19 {Black is clearly winning.} 38. Qd3 {[#]} Rxe3 (38... Rxf2+ $142 $1 {[%mdl 512]} 39. Bxf2 Qxd3+ 40. Kg2 Bxd4 41. Bxd4 Qxd4) 39. Qxe3 Qh1+ 40. Ke2 Qxa1 41. Qe8+ Kh7 {Precision: White = 36%, Black = 45%.} 0-1

[Event "NOR-ch Clubs 2017"]
[Site "Kristiansund"]
[Date "2017.10.21"]
[Round "2"]
[White "Kvisvik, Brede"]
[Black "Kallset, Vegard Viken"]
[Result "1-0"]
[WhiteElo "2296"]
[BlackElo "1514"]
[Annotator "TA"]
[PlyCount "34"]
[EventDate "2017.??.??"]
[EventType "team-tourn"]
[EventCountry "NOR"]
[SourceTitle "playchess.com"]
[Source "ChessBase"]
[SourceQuality "1"]

{[%evp 9,34,27,33,33,34,16,41,35,27,38,38,0,3,7,4,-6,40,-5,-4,-8,53,44,118,122,158,147,166]} 1. Nf3 Nf6 2. b3 d5 3. Bb2 Nc6 4. e3 Bf5 (4... e6 5. c4 Be7 6. Be2 O-O 7. O-O b6 8. d4 Bb7 9. Nc3 Re8 10. Rc1 Bf8 11. Bd3 g6 12. a3 Bg7 13. b4 dxc4 14. Bxc4 Ne7 15. Ne5 Nd7 {0-1 (34) Freisler,P (2284)-Zilka,S (2518) Ostrava 2016}) 5. a3 g6 $146 ({Predecessor:} 5... e6 6. d4 Bd6 7. Nc3 O-O 8. Bd3 Bxd3 9. Qxd3 Ne7 10. Nb5 Qd7 11. Nxd6 cxd6 {½-½ (59) Shustov,D (1546)-Malyshev,E (1755) Kirov 2014}) 6. Bb5 {A06: Réti Opening:1 Nf3 d5} Bg7 7. Ne5 O-O 8. Nxc6 {White is slightly better.} bxc6 9. Bxc6 Rb8 10. d3 Qd6 11. Ba4 c5 12. Nd2 e5 (12... c4 $5) 13. Qe2 e4 $1 14. dxe4 dxe4 (14... Bxe4 $11 15. Nf3 Ng4 16. Bxg7 Kxg7) 15. Nc4 Qc7 (15... Qe6 $14) 16. Be5 $16 Qc8 17. Bxb8 Qxb8 1-0

[Event "NOR-ch Clubs 2017"]
[Site "Kristiansund"]
[Date "2017.10.21"]
[Round "2"]
[White "Al-Tarbosh, Ward"]
[Black "Risting, Eivind Olav"]
[Result "1/2-1/2"]
[WhiteElo "2270"]
[BlackElo "2335"]
[Annotator "TA"]
[PlyCount "132"]
[EventDate "2017.??.??"]
[EventType "team-tourn"]
[EventCountry "NOR"]
[SourceTitle "playchess.com"]
[Source "ChessBase"]
[SourceQuality "1"]

{[%evp 12,132,12,13,7,1,16,14,18,11,26,6,16,0,0,4,5,0,3,7,0,0,0,0,0,-14,0,-7,-3,-12,0,-12,-11,-6,-10,-26,-30,-34,19,20,94,94,94,78,174,170,213,137,130,128,125,110,114,77,127,101,140,141,127,135,135,87,120,26,22,25,22,25,44,44,44,44,44,44,44,44,113,40,59,4,39,39,40,27,29,29,28,20,41,41,35,41,41,41,41,41,41,33,44,44,68,31,30,32,34,30,30,30,35,36,30,2,8,8,8,8,8,0,0,0,0,0,0]} 1. e4 c6 2. Nf3 d5 3. Nc3 dxe4 4. Nxe4 Nf6 5. Ng3 c5 6. d4 Nc6 7. Be3 {LiveBook: 3 Games. B15: Caro-Kann: 3 Nc3: 3...g6 and 3...dxe4 4 Nxe4 Nf6 5 Nxf6+ exf6} cxd4 (7... Qb6 8. b3 e6 9. Bc4 cxd4 10. Nxd4 Bb4+ 11. Ke2 Bc5 12. Nxc6 Bxe3 13. fxe3 Qxc6 14. Kf2 O-O {0-1 (50) Galkin,A (2590)-Ovetchkin,R (2534) playchess.com INT 2007}) 8. Nxd4 Bd7 (8... Qa5+ {seems wilder.} 9. c3 Nxd4 10. Qxd4 e5 11. Qh4 Be6) 9. Nxc6 Bxc6 10. Qxd8+ Kxd8 11. Rd1+ $146 ({Predecessor:} 11. O-O-O+ Ke8 12. Nf5 Nd5 13. Bd4 f6 14. Bc4 e6 {½-½ (36) Munoz Pantoja,M (2290)-Pacheco Asmat,J (2375) Peru 1997}) 11... Ke8 12. c4 e6 13. f3 b6 14. Bd3 Bc5 15. Bxc5 bxc5 16. Kf2 Ke7 17. Rhe1 g6 18. Rd2 Rab8 19. Ne2 Rhd8 20. Nc3 Rb4 21. Red1 a5 22. Be2 Rdb8 23. Rb1 a4 24. a3 Rb3 (24... R4b7 $15) 25. Nb5 $11 Bxb5 (25... Nd5 $1 $11 {keeps the balance.}) 26. cxb5 $16 Nd5 27. Rc1 Nb6 (27... Rd8 $16) 28. Rxc5 $18 Rd8 29. Rxd8 Kxd8 {[%mdl 4096] Endgame KRB-KRN} 30. Rc2 Kd7 31. Rd2+ Ke7 32. Bd3 e5 33. g4 Ke6 34. g5 f5 35. gxf6 Kxf6 36. Kg3 h6 37. Bc2 (37. h4 $16) 37... Rxb5 $11 38. Rd6+ Ke7 39. Rxg6 Rxb2 40. Bf5 Nc4 41. Rxh6 Nxa3 42. Re6+ Kf7 43. Ra6 Rb4 {[#]} (43... Nc2 $14) 44. Bd7 ({White should play} 44. h4 $1 $16) 44... Nc2 45. Bxa4 (45. Rxa4 $14 Rxa4 46. Bxa4) 45... Ne3 46. Bd7 Nf1+ 47. Kg2 Ne3+ 48. Kf2 Nd1+ 49. Ke2 Rd4 50. Bf5 Nc3+ 51. Kf2 Rd2+ 52. Kg3 Ne2+ 53. Kg4 {Be4 is the strong threat.} Nf4 54. Kg5 {[#] Threatens to win with h4.} Rxh2 55. Ra7+ Ke8 56. Kf6 {[%cal Ra7a8]} (56. Ra5 {looks sharper.} Kf7 57. Rxe5 Nh3+ 58. Kg4 Ng1 59. Be4) 56... Rh6+ 57. Kxe5 Ng6+ 58. Ke4 Ne7 59. Bg4 Rb6 60. Bh5+ Kf8 61. f4 Rb4+ {The position is equal.} 62. Kf3 Nd5 63. Rf7+ Kg8 64. f5 Nf4 65. Bg6 Nxg6 66. fxg6 Rb6 {Precision: White = 53%, Black = 52%.} 1/2-1/2

[Event "NOR-ch Clubs 2017"]
[Site "Kristiansund"]
[Date "2017.10.21"]
[Round "2"]
[White "Thingstad, Even"]
[Black "Wadstensvik, Petter Andreas"]
[Result "0-1"]
[WhiteElo "2214"]
[BlackElo "1833"]
[Annotator "TA"]
[PlyCount "80"]
[EventDate "2017.??.??"]
[EventType "team-tourn"]
[EventCountry "NOR"]
[SourceTitle "playchess.com"]
[Source "ChessBase"]
[SourceQuality "1"]

{[%evp 21,80,17,41,22,30,23,35,39,39,31,45,27,23,35,27,44,334,334,334,323,310,315,305,245,364,0,0,0,0,0,0,0,0,-164,-32,-126,0,0,0,-234,-217,-382,-395,-405,-127,-647,-647,-610,-603,-545,-504,-793,-795,-758,-734,-1022,-992,-1086,-1086,-1086,-708]} 1. d4 d5 2. c4 e6 3. Nc3 Nf6 4. cxd5 exd5 5. Bg5 Be7 6. e3 c6 7. Qc2 Nbd7 8. Bd3 g6 9. Nge2 Nh5 10. Bxe7 Qxe7 11. O-O Ndf6 {LiveBook: 4 Games. D36: Queen's Gambit Declined: Exchange Variation: Main line (5 Bg5 c6 6 Qc2)} 12. Qd2 Ng7 $146 ({Predecessor:} 12... O-O 13. f3 c5 14. dxc5 Qxc5 15. Nd4 Ng7 16. Rac1 Ne6 17. Nce2 Qb6 18. Rc3 Qa5 19. Nb3 {1-0 (53) Rodshtein,M (2678)-Cacho Reigadas,S (2512) Linares 2015}) 13. f3 Bf5 {White has an edge.} 14. e4 dxe4 15. fxe4 Bxe4 16. Nxe4 Nxe4 17. Bxe4 Qxe4 18. Nc3 Qg4 $2 {[%mdl 8192]} (18... Qe7 $1 $14) 19. Rae1+ $18 Ne6 20. Re4 Qh5 21. d5 O-O-O {[%cal Rc6d5,Be8c8,Bc8b8,Bb8a8][%mdl 32]} 22. Qf2 cxd5 {[#]} (22... Rxd5 {was necessary.} 23. Nxd5 Qxd5 24. Qxa7 Qxe4 25. Qa8+ Kc7 26. Rxf7+ Kd6 27. Qxh8 Qe3+ 28. Rf2 Kc5) 23. Nb5 $2 ({White has to play} 23. Rxe6 $1 $18 {[%mdl 512] Intending Qc5+ and mate.} d4 (23... fxe6 24. Qc5+) 24. Re7 (24. Qxf7 dxc3 25. bxc3 Qc5+ 26. Qf2 Qxf2+ 27. Rxf2 Rd7 $15)) 23... d4 $1 $11 24. Rc1+ Kb8 25. Qg3+ $1 Ka8 26. Re5 Qh6 {[#]} 27. Rf1 $2 (27. Rxe6 $1 $11 {[%mdl 512]} Qxc1+ (27... fxe6 28. Nc7+) 28. Re1) 27... Rc8 (27... Rd7 $1 $19 {And now ...Rc8 would win.} 28. Qa3 a6) 28. h3 (28. Nd6 $15 Rc1 29. Ree1 Rxe1 30. Qxe1) 28... Qg7 (28... Rc1 $17 {Hoping for ...Rxf1+.} 29. Qf3 Rxf1+ 30. Qxf1 Qg7) 29. Nd6 Rc7 30. Nb5 $2 {[#]} (30. Ra5 $1 $11 a6 31. Qb3) 30... Rd7 $1 $19 31. Qa3 $2 (31. Na3) 31... a6 32. Re2 Qf8 $2 (32... Rhd8 $19 {is more deadly. Strongly threatening ...Qh6.} 33. Re4 d3) 33. Qa4 $2 {[%mdl 8192]} (33. Qxf8+ $17 Rxf8 {[#]} 34. Rxe6 $1 {[%mdl 512]} axb5 35. Re5) 33... Qc5 {Black is clearly winning.} 34. Na3 d3+ 35. Ref2 Rhd8 36. Kh2 (36. Qc4 $142 b5 37. Qxc5 Nxc5 38. Nb1) 36... d2 37. Qd1 Nd4 38. Nb1 Nf5 39. Rxd2 Rxd2 40. Nxd2 Qd6+ {Precision: White = 47%, Black = 37%.} 0-1

[Event "NOR-ch Clubs 2017"]
[Site "Kristiansund"]
[Date "2017.10.21"]
[Round "2"]
[White "Nordquelle, Daniel"]
[Black "Gonzalez, Rafael T"]
[Result "1-0"]
[WhiteElo "2196"]
[BlackElo "2013"]
[Annotator "TA"]
[PlyCount "77"]
[EventDate "2017.??.??"]
[EventType "team-tourn"]
[EventCountry "NOR"]
[SourceTitle "playchess.com"]
[Source "ChessBase"]
[SourceQuality "1"]

{[%evp 9,77,-8,22,22,17,18,54,47,62,64,62,38,72,40,36,50,43,34,41,33,30,36,56,40,38,45,134,20,107,109,87,60,163,150,181,170,163,139,217,220,238,233,241,211,274,264,275,272,400,348,434,432,407,263,497,468,654,329,718,682,681,344,718,696,707,680,1501,1610,1692,1627]} 1. e4 c5 2. Nc3 e6 3. g3 d5 4. exd5 exd5 5. d4 Nc6 {LiveBook: 4 Games} 6. Be3 {B23: Closed Sicilian: Lines without g3} (6. Nge2 Bg4 7. Bg2 Nxd4 8. Qd3 Nxe2 9. Nxe2 Nf6 10. Bg5 Be7 11. Bxf6 Bxf6 12. Bxd5 O-O 13. f3 Bh5 14. O-O-O Bg6 {1-0 (41) Dvorak,M (2187)-Kubik,M (2263) Czech Republic 2016}) 6... Nf6 7. Bg2 c4 8. Nge2 {White is slightly better.} Be6 9. O-O Be7 10. h3 O-O 11. g4 Ne8 $146 ({Predecessor:} 11... h6 12. Ng3 Re8 13. f4 Bd6 14. Qd2 Bc7 15. Rf2 {0-1 (46) Manguerra,L (1605)-Scarpa,S (1806) Tarvisio 2014}) 12. Nf4 {[%cal Rf4d5]} Nc7 13. Qf3 {[%cal Rf4d5]} Nb4 14. Rac1 g5 15. Nxe6 fxe6 16. Qe2 Bd6 17. Qd2 $36 {[%mdl 2048] White has good play.} h6 (17... Bf4 $1 $14) 18. h4 (18. a3 $16 Nc6 19. Ne2) 18... Rf4 (18... Bf4 $11) 19. f3 $16 Qf6 20. Ne2 {Black must now prevent Rcd1.} Nc6 (20... Nxa2 $14 21. Ra1 Nb4 22. Nxf4 gxf4) 21. Nxf4 $18 Bxf4 22. c3 Rf8 23. Bxf4 Qxf4 (23... gxf4 $16 24. Qf2 b5) 24. Qxf4 Rxf4 25. hxg5 hxg5 26. Rce1 Kg7 27. Kf2 Rf6 28. Kg3 b5 (28... Nb5 {was called for.} 29. f4 gxf4+ 30. Rxf4 Rg6) 29. f4 gxf4+ 30. Rxf4 b4 31. Bh3 bxc3 $2 {[#]} (31... Rg6 32. Rf3 a5) 32. bxc3 Nb5 33. Re3 Nd6 $2 (33... Rg6 34. g5 Rxg5+ 35. Rg4 Rxg4+ 36. Bxg4 Nd8) 34. Rxf6 Kxf6 35. Kf4 {[#] Strongly threatening g5+.} Ne4 $2 (35... Nf7 36. Bg2 Ne7) 36. Rxe4 {White is clearly winning.} dxe4 37. g5+ Kg6 38. Bxe6 e3 39. Bxc4 {Precision: White = 58%, Black = 18%.} 1-0